| 000 | 00857nam a2200205 i 4500 | ||
|---|---|---|---|
| 001 | 21557 | ||
| 003 | ES-MaACL | ||
| 005 | 20250131235129.0 | ||
| 007 | t| | ||
| 008 | 021126s1881 sp |||| |dspa d | ||
| 110 | 2 |
_aLiceo Escolar Matritense (Madrid) _9141884 |
|
| 245 | 1 | 0 |
_aHomenage [sic] á Calderón _b: álbum de las composiciones leídas en la velada literaria que para conmemorar el segundo centenario de la muerte del ilustre autor de "La vida es sueño" / _ccelebró el Liceo Escolar Matritense, el día 24 de mayo de 1881. |
| 246 | 3 | _aHomenaje a Calderón | |
| 260 |
_aMadrid : _b[s.n.], _c1881 ( _fImp. de la Viuda é hijo de Aguado) |
||
| 300 |
_a116 p. ; _c21 cm. |
||
| 600 | 1 | 4 |
_aCalderón de la Barca, Pedro- _vAniversarios y centenarios _933612 |
| 650 | 1 | 4 |
_a _9239519 |
| 852 |
_aES-MaACL _jT-429-F-2 |
||
| 999 |
_c21557 _d21557 |
||